000 nam a22 7a 4500
999 _c127256
_d127256
008 171122b xxu||||| |||| 00| 0 eng d
050 _aBJ-155-1
100 _aPojman, Louis P.
_929366
245 _aEthics
_bdiscovering right and wrong
_cLouis P. Pojman
250 _a4th.
260 _aLondon
_bWadsworth
_c2001
300 _axv, 242p. ;
_c21cm.
650 _aEthics
_937668
942 _2lcc
_cMONOGRAPH